Cartas filosóficas que bajo el supuesto nombre de Aristóteles escribió el Rmo. Padre Maestro Fray Francisco de Alavarado, conocido ya comunmente por el Filósofo Rancio

Detalles Bibliográficos
Autor principal: Alvarado, Francisco (1560-1603)
Formato: Libro
Lenguaje:Undetermined
Spanish
Publicado: Filadelfia : imprenta de J. Alzini, 1826.
Materias:
Colección:Banco de datos
Acervo:Biblioteca Palafoxiana. Colección bibliográfica
Descripción Física:t. ; 4°
Tema general:Filosofía
Notas:Sello en tinta: Biblioteca Pública Palafoxiana. Número de localización: t.1 (8065, 8066, 26072, 36531) ; t.2 (8067, 27384) ; t.3 (8070, 8069) ; t.4 (8073) ; t.5 (8074, 29367, 26345)
LEADER 00801nam a2200169Ia 4500
008 150723s9999 xx 000 0 und d
041 0 |a spa 
050 0 |a PAFX B105.U5 A5 
100 1 |a Alvarado, Francisco (1560-1603) 
245 1 0 |a Cartas filosóficas que bajo el supuesto nombre de Aristóteles escribió el Rmo. Padre Maestro Fray Francisco de Alavarado, conocido ya comunmente por el Filósofo Rancio 
260 |a Filadelfia : imprenta de J. Alzini, 1826. 
300 |a t. ; 4° 
500 |a Sello en tinta: Biblioteca Pública Palafoxiana. Número de localización: t.1 (8065, 8066, 26072, 36531) ; t.2 (8067, 27384) ; t.3 (8070, 8069) ; t.4 (8073) ; t.5 (8074, 29367, 26345) 
650 1 0 |a Filosofía 
942 |c PALALIB 
943 |g Biblioteca Palafoxiana. Colección bibliográfica 
999 |c 1050170  |d 1050170